[Event "C-Turnier"]
[Site "Hessische Einzelmeisterschaft"]
[Date "2010.04.01"]
[Round "3"]
[White "Will, Patrick"]
[Black "Rack, Matthias"]
[Result "1-0"]
[WhiteElo "1886"]
[BlackElo "2056"]
[PlyCount "81"]
[EventDate "2010.??.??"]

1. d4 d5 2. c4 e6 3. Nf3 Nf6 4. g3 c5 5. Bg2 cxd4 6. cxd5 Qa5+ 7. Bd2 Qxd5 8.
O-O e5 9. Re1 Nc6 10. e3 Bg4 11. exd4 e4 12. Nc3 Qh5 13. Nxe4 O-O-O 14. Qb3 Be6
15. Qa4 Bd5 16. Nxf6 gxf6 17. Re3 Bh6 18. Rc3 Bxd2 19. Nxd2 Bxg2 20. Kxg2 Kb8
21. Nf3 Rd6 22. Rd1 Rhd8 23. Rcd3 Rd5 24. b4 Qf5 25. R3d2 h5 26. h4 a6 27. Qb3
Qe4 28. Qe3 Qxe3 29. fxe3 Nxb4 30. e4 Ra5 31. Rb1 Nc6 32. d5 Ne7 33. Rb6 Ra4
34. Rxf6 Rxe4 35. d6 Ng8 36. Rxf7 Re6 37. Rb2 Rexd6 38. Rbxb7+ Ka8 39. Ne5 Nf6
40. Nc4 R6d7 41. Rbxd7 1-0

[Event "C-Turnier"]
[Site "Hessische Einzelmeisterschaft"]
[Date "2010.04.01"]
[Round "3"]
[White "Rump, Andreas"]
[Black "Faqiry, Ramat"]
[Result "1-0"]
[WhiteElo "1866"]
[BlackElo "1977"]
[PlyCount "65"]
[EventDate "2010.??.??"]

1. e4 c5 2. Nf3 d6 3. d4 cxd4 4. Nxd4 Nf6 5. Nc3 a6 6. Be2 e5 7. Nb3 Be6 8. Bg5
Nbd7 9. Nd5 Bxd5 10. exd5 Be7 11. Be3 O-O 12. O-O Rc8 13. c4 Ne8 14. Qd2 f5 15.
f3 f4 16. Bf2 Nef6 17. Bd3 Nh5 18. Na5 Nc5 19. Bxc5 Rxc5 20. Nxb7 Qb6 21. Nxc5
Qxc5+ 22. Qf2 Qa5 23. a3 Qd8 24. b4 Bh4 25. Qa7 Rf7 26. Bxh7+ Kf8 27. Qxa6 Ng3
28. Rfe1 e4 29. Bxe4 Bf6 30. Rad1 Bc3 31. c5 Qf6 32. Qc8+ Ke7 33. Bg6+ 1-0

[Event "C-Turnier"]
[Site "Hessische Einzelmeisterschaft"]
[Date "2010.04.01"]
[Round "3"]
[White "Wiegand, Helmut"]
[Black "Enders, Georg"]
[Result "1-0"]
[WhiteElo "1891"]
[BlackElo "2011"]
[PlyCount "73"]
[EventDate "2010.??.??"]

1. c4 e5 2. Nc3 Nf6 3. g3 c6 4. Bg2 Bc5 5. e3 a6 6. d4 exd4 7. exd4 Be7 8. Nge2
d6 9. O-O O-O 10. Qc2 Bg4 11. Nf4 Qd7 12. b3 Bf5 13. Qd2 a5 14. Re1 Na6 15. Bb2
Nc7 16. Na4 Ra6 17. d5 c5 18. Nc3 Raa8 19. f3 h6 20. Ne4 Bxe4 21. fxe4 g5 22.
Nd3 Qd8 23. e5 dxe5 24. Nxe5 Bd6 25. Qc3 Nce8 26. Ng4 Kg7 27. Rxe8 Rxe8 28.
Nxf6 Re5 29. Ng4 f6 30. Nxe5 Bxe5 31. Qc2 Qe7 32. Qe4 Re8 33. Bxe5 fxe5 34. Bh3
b6 35. Be6 Qd6 36. Rf1 Re7 37. Qf5 1-0

[Event "C-Turnier"]
[Site "Hessische Einzelmeisterschaft"]
[Date "2010.04.01"]
[Round "3"]
[White "Mussler, Thomas"]
[Black "Ritscher, Georg"]
[Result "1-0"]
[WhiteElo "2118"]
[BlackElo "1962"]
[PlyCount "81"]
[EventDate "2010.??.??"]

1. e4 e5 2. d4 exd4 3. Qxd4 Nc6 4. Qe3 d6 5. Nc3 Be7 6. Bd2 Nf6 7. f3 Be6 8.
Nge2 O-O 9. Nf4 Re8 10. O-O-O Bf8 11. Qf2 a6 12. g4 Ne5 13. g5 Nfd7 14. Nxe6
fxe6 15. f4 Nc6 16. h4 b5 17. Bg2 e5 18. f5 Nd4 19. Be3 b4 20. Nd5 c6 21. Nxb4
Qa5 22. c3 c5 23. Kb1 Reb8 24. h5 cxb4 25. cxd4 b3 26. a3 Rc8 27. Rc1 exd4 28.
Bxd4 Ne5 29. Bc3 Qa4 30. Rhd1 Qe8 31. g6 Be7 32. Rd5 Nc4 33. gxh7+ Kxh7 34. f6
gxf6 35. Qf5+ Kh6 36. Qf4+ Kh7 37. Bh3 Rc5 38. Bf5+ Kg7 39. Rg1+ Kf7 40. Bg6+
Kf8 41. Qh6+ 1-0

[Event "C-Turnier"]
[Site "Hessische Einzelmeisterschaft"]
[Date "2010.04.01"]
[Round "3"]
[White "Fußnecker, Manfred"]
[Black "Geringer, Waldemar"]
[Result "1/2-1/2"]
[WhiteElo "1963"]
[BlackElo "1949"]
[PlyCount "120"]
[EventDate "2010.??.??"]

1. e4 c5 2. Nf3 d6 3. Bb5+ Bd7 4. Bxd7+ Qxd7 5. d4 cxd4 6. Nxd4 Nc6 7. O-O Nf6
8. f3 g6 9. Be3 Bg7 10. c4 O-O 11. Nc3 Rfc8 12. b3 Rab8 13. Qd2 a6 14. Rac1 Ne5
15. Rfd1 h5 16. Bg5 Nh7 17. Nd5 Nxg5 18. Qxg5 Re8 19. c5 dxc5 20. Rxc5 Nc6 21.
Nxc6 bxc6 22. Nc3 Qa7 23. Kf1 Bf6 24. Qe3 e5 25. Qf2 Re6 26. Rc4 Qxf2+ 27. Kxf2
Rd8 28. Rxd8+ Bxd8 29. Ke2 Bb6 30. Na4 Bg1 31. Nc5 Rd6 32. Nxa6 Bxh2 33. Nb4
Bf4 34. Rc2 f5 35. a4 fxe4 36. fxe4 Rd4 37. Nxc6 Rxe4+ 38. Kd3 Re1 39. a5 e4+
40. Kc4 Ra1 41. b4 Kf7 42. Kd5 e3 43. Ke4 g5 44. Nd4 Ra4 45. Rb2 Bd6 46. Nc6
Bxb4 47. Nxb4 e2 48. Rxe2 Rxb4+ 49. Kd3 Ra4 50. Re5 Kf6 51. Rb5 Ra2 52. Ke4
Rxg2 53. Rb6+ Ke7 54. Rh6 h4 55. a6 Ra2 56. Kf5 Ra5+ 57. Kg4 Kf7 58. a7 Kg7 59.
Rh5 Kg6 60. a8=Q Rxa8 1/2-1/2

[Event "C-Turnier"]
[Site "Hessische Einzelmeisterschaft"]
[Date "2010.04.01"]
[Round "3"]
[White "Sterzik, Peter"]
[Black "Förster, Rudi"]
[Result "0-1"]
[WhiteElo "1742"]
[BlackElo "1939"]
[PlyCount "44"]
[EventDate "2010.??.??"]

1. e4 c5 2. Nf3 Nc6 3. d4 cxd4 4. Nxd4 g6 5. Nc3 Bg7 6. Be3 d6 7. Qd2 Nf6 8. f3
O-O 9. g4 e5 10. Ndb5 Nb4 11. Nxd6 Nxc2+ 12. Qxc2 Qxd6 13. Nd5 Nxd5 14. Bc5 Qc7
15. exd5 b6 16. b4 bxc5 17. bxc5 Qa5+ 18. Kf2 e4 19. Rb1 Bd4+ 20. Kg2 exf3+ 21.
Kxf3 Qxc5 22. Qe4 f5 0-1

[Event "C-Turnier"]
[Site "Hessische Einzelmeisterschaft"]
[Date "2010.04.01"]
[Round "3"]
[White "Berrou, Mohammed"]
[Black "Lahr, Marcus"]
[Result "0-1"]
[WhiteElo "2016"]
[BlackElo "2006"]
[PlyCount "104"]
[EventDate "2010.??.??"]

1. e4 e6 2. d4 d5 3. exd5 exd5 4. Nf3 Nc6 5. Bd3 Bd6 6. O-O Nge7 7. Re1 Bg4 8.
c3 Qd7 9. b4 O-O-O 10. Be3 f5 11. a4 Ng6 12. Be2 Rde8 13. a5 Bf4 14. b5 Nb8 15.
Qd3 Bxe3 16. fxe3 f4 17. Bd1 Re7 18. Nbd2 fxe3 19. Rxe3 Nf4 20. Rxe7 Qxe7 21.
Qc2 Qe3+ 22. Kf1 Nd3 23. Nb3 Re8 24. Qe2 Nd7 25. Qxe3 Rxe3 26. Bc2 Nf4 27. Re1
Nxg2 28. Kxg2 Bxf3+ 29. Kf2 Rxe1 30. Kxe1 Nf6 31. Nc5 g6 32. Kf2 Bg4 33. Kg3
Be2 34. Ba4 b6 35. axb6 axb6 36. Ne6 Ne4+ 37. Kf4 Nxc3 38. Bb3 Bxb5 39. Nf8 c6
40. Nxh7 Bd3 41. Ke5 Kb7 42. h4 Ka6 43. Kf6 Kb5 44. Nf8 Kb4 45. Bd1 Nxd1 46.
Nxg6 Ne3 47. h5 c5 48. dxc5 bxc5 49. Kg5 Nf5 50. Nf4 Be4 51. Nxd5+ Bxd5 52.
Kxf5 Bb3 0-1

[Event "C-Turnier"]
[Site "Hessische Einzelmeisterschaft"]
[Date "2010.04.01"]
[Round "3"]
[White "Eibelshäuser, Stefan"]
[Black "Zimmer, Gerald"]
[Result "1-0"]
[WhiteElo "2057"]
[BlackElo "1796"]
[PlyCount "129"]
[EventDate "2010.??.??"]

1. d4 e6 2. c4 Nf6 3. Nc3 d5 4. cxd5 exd5 5. Bg5 Be7 6. e3 c6 7. Bd3 Bg4 8. f3
Bh5 9. Nge2 Nbd7 10. Qb3 Qb6 11. Qc2 Bg6 12. O-O Bxd3 13. Qxd3 O-O 14. Rae1
Rae8 15. Bh4 Nh5 16. Bf2 f5 17. e4 fxe4 18. fxe4 dxe4 19. Nxe4 Qxb2 20. Qc4+
Kh8 21. Rb1 Nb6 22. Rxb2 Nxc4 23. Rxb7 Bd8 24. N2c3 Bb6 25. Nc5 Nf6 26. Nd7 Nd6
27. Rxb6 axb6 28. Nxf8 Rxf8 29. d5 cxd5 30. Bxb6 Rc8 31. Bd4 Nde4 32. Nxe4 dxe4
33. Bxf6 gxf6 34. Rxf6 Rc1+ 35. Rf1 Rc2 36. Ra1 Kg7 37. a4 Kf6 38. a5 Ke5 39.
a6 Rc8 40. a7 Ra8 41. Kf2 Kd4 42. Ke2 Kc5 43. Ke3 Kb6 44. g4 Kb7 45. Kxe4 Re8+
46. Kf4 Ka8 47. g5 Re6 48. h4 Rb6 49. Ra4 Rb5 50. Kg4 Rb6 51. Kh5 Rc6 52. Rf4
Rc7 53. Kh6 Kxa7 54. Rb4 Ka6 55. h5 Ka5 56. Rb1 Ka6 57. g6 hxg6 58. hxg6 Rc2
59. g7 Rh2+ 60. Kg6 Rg2+ 61. Kf7 Rf2+ 62. Kg8 Rc2 63. Rh1 Rc8+ 64. Kh7 Rc7 65.
Kh8 1-0

[Event "C-Turnier"]
[Site "Hessische Einzelmeisterschaft"]
[Date "2010.04.01"]
[Round "3"]
[White "Kaulfuss, Christa"]
[Black "Kobs, Stephan"]
[Result "1/2-1/2"]
[WhiteElo "1933"]
[BlackElo "2020"]
[PlyCount "63"]
[EventDate "2010.??.??"]

1. e4 c5 2. Nc3 Nc6 3. g3 g6 4. Bg2 Bg7 5. f4 e6 6. d3 d6 7. Nf3 Nge7 8. Ne2
O-O 9. c3 d5 10. e5 b6 11. O-O Bb7 12. g4 Rc8 13. Ng3 Qc7 14. Qe2 Ba6 15. h4 d4
16. c4 b5 17. b3 bxc4 18. bxc4 Rb8 19. Ne4 Na5 20. Ba3 Nb7 21. Qd2 Kh8 22. Rab1
Rfd8 23. Nfg5 Rf8 24. Nf6 h6 25. Nge4 Rfd8 26. Bf3 Ng8 27. Rb2 Nxf6 28. Nxf6
Na5 29. Rxb8 Rxb8 30. Rc1 Bb7 31. Bxb7 Nxb7 32. Ne4 1/2-1/2

[Event "C-Turnier"]
[Site "Hessische Einzelmeisterschaft"]
[Date "2010.04.01"]
[Round "3"]
[White "Haftmann, Rainer"]
[Black "Tonn, Peter"]
[Result "1-0"]
[WhiteElo "1881"]
[BlackElo "2000"]
[PlyCount "85"]
[EventDate "2010.??.??"]

1. e4 d6 2. d4 Nf6 3. Nc3 g6 4. Bg5 Bg7 5. f4 c6 6. Qd2 b5 7. e5 dxe5 8. fxe5
Nd5 9. Ne4 Bf5 10. Nd6+ Kf8 11. Nxf5 gxf5 12. Bh6 e6 13. Nf3 Nd7 14. h4 f4 15.
Bxg7+ Kxg7 16. g3 fxg3 17. Rg1 Rg8 18. Rxg3+ Kh8 19. Ng5 Rg7 20. Rf3 Qe7 21.
O-O-O f6 22. exf6 N7xf6 23. Re1 Nc7 24. Bh3 Re8 25. Qf2 Nfd5 26. Nf7+ Kg8 27.
Nh6+ Kh8 28. Rf1 Rg6 29. Nf7+ Kg8 30. h5 Rf6 31. Rxf6 Nxf6 32. Qxf6 Qxf6 33.
Rxf6 Kg7 34. Rf1 Nd5 35. Ne5 Kh6 36. Nxc6 Kxh5 37. Rh1 Kg5 38. Nxa7 b4 39. Nc6
Rc8 40. Bxe6 Rxc6 41. Bxd5 Rd6 42. Bg8 Rxd4 43. Bxh7 1-0

[Event "C-Turnier"]
[Site "Hessische Einzelmeisterschaft"]
[Date "2010.04.01"]
[Round "3"]
[White "Engelbert, Thomas"]
[Black "Gutacker, Stephan"]
[Result "1-0"]
[WhiteElo "1762"]
[BlackElo "1936"]
[PlyCount "34"]
[EventDate "2010.??.??"]

1. c4 Nf6 2. g3 g6 3. Bg2 Bg7 4. Nc3 c5 5. e4 d6 6. Nge2 Nc6 7. d3 O-O 8. O-O
Rb8 9. h3 a6 10. f4 Bd7 11. Be3 Qc8 12. g4 b5 13. Qd2 b4 14. Nd1 a5 15. f5 Nd4
16. Nxd4 cxd4 17. Bxd4 Nxe4 1-0

[Event "C-Turnier"]
[Site "Hessische Einzelmeisterschaft"]
[Date "2010.04.01"]
[Round "3"]
[White "Machlin, Maxim"]
[Black "Egenolf, Dirk"]
[Result "1-0"]
[WhiteElo "1933"]
[BlackElo "1911"]
[PlyCount "59"]
[EventDate "2010.??.??"]

1. e4 c5 2. c3 d6 3. d4 cxd4 4. cxd4 a6 5. f4 g6 6. Nf3 Bg7 7. h3 Nf6 8. Nc3
O-O 9. Be2 Nh5 10. O-O Ng3 11. Rf2 Nxe2+ 12. Qxe2 Nc6 13. Be3 b5 14. g4 b4 15.
Nd1 d5 16. e5 e6 17. h4 a5 18. Rh2 f6 19. h5 fxe5 20. fxe5 Qe8 21. Nf2 Ba6 22.
Qd1 Rc8 23. Nh4 Nxe5 24. dxe5 Bxe5 25. Rh3 Bxb2 26. hxg6 Bxa1 27. gxh7+ Kxh7
28. Nf3+ Kg6 29. Qb1+ Kf6 30. Bg5+ 1-0

[Event "C-Turnier"]
[Site "Hessische Einzelmeisterschaft"]
[Date "2010.04.01"]
[Round "3"]
[White "Rätsch, Kurt"]
[Black "Genis, Roy"]
[Result "0-1"]
[WhiteElo "2069"]
[BlackElo "1947"]
[PlyCount "98"]
[EventDate "2010.??.??"]

1. b3 e5 2. Bb2 Nc6 3. e4 Nf6 4. d3 Bc5 5. Be2 d6 6. Nd2 Be6 7. c3 d5 8. b4 Bd6
9. exd5 Nxd5 10. b5 Na5 11. Ne4 Nf4 12. Bf1 a6 13. g3 Nd5 14. bxa6 Rxa6 15. Nf3
Rb6 16. Nxd6+ Qxd6 17. Qa4+ Nc6 18. Ba3 Nxc3 19. Bxd6 Nxa4 20. Bxc7 Rb2 21. Bg2
f6 22. Bd6 Kd7 23. Ba3 Rxa2 24. O-O Rxa1 25. Rxa1 Nc3 26. Bb2 Nd5 27. Nd2 Ndb4
28. Ne4 b6 29. Bc3 Rc8 30. Rb1 Nd5 31. Bd2 Nd4 32. Be3 Rc6 33. Nd2 Ne2+ 34. Kf1
Nec3 35. Ra1 Bf5 36. Ne4 Nxe3+ 37. fxe3 Nxe4 38. dxe4 Be6 39. Bf3 Bc4+ 40. Ke1
Rc7 41. Kd2 Kc6 42. Rc1 b5 43. Be2 Kb6 44. Bd1 Ra7 45. Bc2 Kc5 46. Kc3 Ra3+ 47.
Kd2 Ra2 48. Ke1 b4 49. Kd2 Bb3 0-1

[Event "C-Turnier"]
[Site "Hessische Einzelmeisterschaft"]
[Date "2010.04.01"]
[Round "3"]
[White "Kazic, Bruno"]
[Black "Zilch, Lothar"]
[Result "0-1"]
[WhiteElo "1749"]
[BlackElo "2021"]
[PlyCount "49"]
[EventDate "2010.??.??"]

1. e4 c5 2. Nc3 Nc6 3. g3 g6 4. Bg2 Bg7 5. d3 d6 6. Nge2 Nf6 7. O-O O-O 8. Nf4
e6 9. Be3 Rb8 10. a4 b6 11. Rb1 Bb7 12. Nh3 d5 13. exd5 exd5 14. Bg5 Nd4 15.
Nf4 Qd7 16. Bxf6 Bxf6 17. Nfxd5 Bg7 18. Re1 Rfe8 19. Ne3 Bxg2 20. Kxg2 Qc6+ 21.
f3 Re5 22. Kf2 Rbe8 23. Ng2 Rxe1 24. Nxe1 Nf5 25. Ne2 {Handy tralala...} 0-1

[Event "C-Turnier"]
[Site "Hessische Einzelmeisterschaft"]
[Date "2010.04.01"]
[Round "3"]
[White "Adair, Robin"]
[Black "Launert, Martin"]
[Result "0-1"]
[WhiteElo "2038"]
[BlackElo "1892"]
[PlyCount "101"]
[EventDate "2010.??.??"]

1. c4 Nf6 2. Nc3 c5 3. Nf3 d6 4. g3 Nc6 5. Bg2 g6 6. O-O Bg7 7. d4 cxd4 8. Nxd4
Bd7 9. Bg5 O-O 10. h4 Rc8 11. Nxc6 Bxc6 12. Nd5 Nxd5 13. cxd5 Bd7 14. h5 h6 15.
Be3 b6 16. hxg6 fxg6 17. Qd2 Kh7 18. Be4 Bh3 19. Bg2 Qd7 20. Rac1 Bf5 21. Kh2
Rxc1 22. Rxc1 Rc8 23. Rc6 Qd8 24. Bd4 Bd7 25. Bxg7 Kxg7 26. Rc3 Rxc3 27. Qxc3+
Kh7 28. Bh3 Bxh3 29. Kxh3 Kg8 30. Kg2 Kf7 31. b4 Qd7 32. Qf3+ Kg7 33. Qe3 h5
34. a4 Kf7 35. a5 Qf5 36. Qd4 Qe5 37. Qxe5 dxe5 38. Kf3 Kf6 39. Ke3 g5 40. Ke4
h4 41. gxh4 gxh4 42. Kf3 Kf5 43. e4+ Kg5 44. Kg2 b5 45. a6 Kg4 46. Kh2 h3 47.
Kg1 Kf3 48. Kh2 Kxf2 49. Kxh3 Kf3 50. Kh2 Kxe4 51. Kg1 0-1

[Event "C-Turnier"]
[Site "Hessische Einzelmeisterschaft"]
[Date "2010.04.01"]
[Round "3"]
[White "Storkebaum, Ulrike"]
[Black "Günther, Andreas"]
[Result "0-1"]
[WhiteElo "1867"]
[BlackElo "1802"]
[PlyCount "80"]
[EventDate "2010.??.??"]

1. e4 c5 2. Nf3 d6 3. d4 cxd4 4. Nxd4 Nf6 5. Nc3 a6 6. Be3 e5 7. Nb3 Be6 8. Be2
Be7 9. f3 O-O 10. g4 d5 11. Bg5 Nxe4 12. fxe4 Bxg5 13. Nxd5 Bh4+ 14. Kf1 Nc6
15. c4 h5 16. Kg2 hxg4 17. Bxg4 Qg5 18. h3 f5 19. exf5 Rxf5 20. Rf1 Rxf1 21.
Kxf1 Rf8+ 22. Kg1 Nd4 23. Kh1 Bxg4 24. Qxg4 Qxg4 25. hxg4 Nxb3 26. axb3 Rf3 27.
Nc3 Rh3+ 28. Kg2 Rg3+ 29. Kf1 Rxg4 30. Rd1 Rf4+ 31. Kg1 Rf2 32. Rd7 b6 33. Rd3
Rxb2 34. Na4 Rc2 35. Kf1 Bf2 36. Rd8+ Kh7 37. Re8 b5 38. Rxe5 bxa4 39. bxa4 Bd4
40. Ra5 Rf2+ 0-1

[Event "C-Turnier"]
[Site "Hessische Einzelmeisterschaft"]
[Date "2010.04.01"]
[Round "3"]
[White "Risius, Philipp"]
[Black "Juhnke, Peter"]
[Result "1-0"]
[WhiteElo "1777"]
[BlackElo "1931"]
[PlyCount "59"]
[EventDate "2010.??.??"]

1. d4 Nf6 2. Nf3 d6 3. Bf4 c6 4. c3 Bf5 5. Nbd2 Nbd7 6. e3 h6 7. h3 g5 8. Bh2
Bg7 9. Nc4 b5 10. Na3 a6 11. Bd3 Be6 12. e4 Nb6 13. e5 Nfd5 14. Qd2 Qd7 15. b3
Bf5 16. Bxf5 Qxf5 17. exd6 exd6 18. Nc2 O-O-O 19. O-O-O c5 20. Rhe1 c4 21. Ne3
Nxe3 22. Rxe3 Nd5 23. Re2 g4 24. hxg4 Qxg4 25. Bg3 h5 26. Qc2 cxb3 27. Qxb3 Nf4
28. Re7 d5 29. Qa3 Ne6 30. Qxa6# 1-0

[Event "C-Turnier"]
[Site "Hessische Einzelmeisterschaft"]
[Date "2010.04.01"]
[Round "3"]
[White "Warnk, Torsten"]
[Black "Baskin, Robert"]
[Result "0-1"]
[WhiteElo "1977"]
[BlackElo "1828"]
[PlyCount "64"]
[EventDate "2010.??.??"]

1. d4 d5 2. Nf3 Nf6 3. Bf4 e6 4. e3 Be7 5. c4 O-O 6. Nc3 a6 7. Qb3 dxc4 8. Bxc4
b5 9. Bd3 Bb7 10. Qc2 Nbd7 11. a3 c5 12. dxc5 Nxc5 13. Be2 Rc8 14. Rd1 Qb6 15.
Qb1 Rfd8 16. O-O Nce4 17. Rxd8+ Rxd8 18. Be5 Nd2 19. Nxd2 Rxd2 20. Rd1 Rxd1+
21. Qxd1 Qc5 22. Bd4 Qc7 23. h3 e5 24. Nxb5 axb5 25. Bc3 Bc6 26. Qb3 Qb8 27. a4
b4 28. Be1 Bd5 29. Qc2 b3 30. Qd1 Qa8 31. Bc3 Qxa4 32. Bxe5 Qe4 0-1

[Event "C-Turnier"]
[Site "Hessische Einzelmeisterschaft"]
[Date "2010.04.01"]
[Round "3"]
[White "Minor, Dieter"]
[Black "Francke, Helmut"]
[Result "0-1"]
[WhiteElo "1888"]
[BlackElo "1987"]
[PlyCount "64"]
[EventDate "2010.??.??"]

1. d4 Nf6 2. Nf3 g6 3. Bf4 Bg7 4. e3 b6 5. Bc4 Bb7 6. Nbd2 d6 7. c3 e6 8. O-O
O-O 9. Rc1 Nbd7 10. Ng5 Qe7 11. Qb3 h6 12. Ngf3 Nh5 13. Bg3 Nxg3 14. hxg3 e5
15. dxe5 dxe5 16. e4 a6 17. Nh4 Kh7 18. Kh2 Nf6 19. f3 Nh5 20. Qd1 Bf6 21. Qe1
Nxg3 22. Qxg3 Bxh4 23. Qh3 Rad8 24. Rc2 Bg5 25. Nb3 Bc8 26. g4 Bf4+ 27. Kg2 Kg7
28. Kf2 h5 29. Ke2 hxg4 30. fxg4 Rh8 31. Qf3 Qg5 32. Rg1 Rh2+ 0-1

[Event "C-Turnier"]
[Site "Hessische Einzelmeisterschaft"]
[Date "2010.04.01"]
[Round "3"]
[White "Wilhelm, Holger"]
[Black "Arnold, Michael"]
[Result "1-0"]
[WhiteElo "1857"]
[BlackElo "1846"]
[PlyCount "57"]
[EventDate "2010.??.??"]

1. d4 d5 2. c4 e6 3. Nf3 Nf6 4. Bg5 Nbd7 5. e3 c6 6. cxd5 exd5 7. Bd3 Bd6 8.
Nc3 O-O 9. Qc2 h6 10. Bh4 Re8 11. O-O a6 12. a4 Qc7 13. Rac1 Ng4 14. Bg3 Bxg3
15. hxg3 Qd6 16. e4 dxe4 17. Nxe4 Qd5 18. Rce1 Qh5 19. Nd6 Rxe1 20. Rxe1 Ndf6
21. Bc4 Be6 22. Bxe6 fxe6 23. Rxe6 Rf8 24. Qf5 Qxf5 25. Nxf5 Rd8 26. N3h4 Nd5
27. Rg6 h5 28. Rxg7+ Kh8 29. Ng6# 1-0

[Event "C-Turnier"]
[Site "Hessische Einzelmeisterschaft"]
[Date "2010.04.01"]
[Round "3"]
[White "Herms, Thorsten"]
[Black "Winter, Lars"]
[Result "1/2-1/2"]
[WhiteElo "1746"]
[BlackElo "1974"]
[PlyCount "47"]
[EventDate "2010.??.??"]

1. d4 d5 2. Nf3 Nf6 3. c4 c6 4. e3 a6 5. cxd5 cxd5 6. Bd3 Nc6 7. O-O Bg4 8. a3
e6 9. b4 Bd6 10. Nbd2 O-O 11. Bb2 Qc7 12. Rc1 Rac8 13. h3 Bh5 14. Qb3 b5 15.
Ne5 Bxe5 16. dxe5 Nd7 17. f4 Qa7 18. Kh1 Bg6 19. Bxg6 hxg6 20. e4 Ne7 21. Nf3
Rfd8 22. Bd4 Qb7 23. Ng5 Nf8 24. Bc5 1/2-1/2

[Event "C-Turnier"]
[Site "Hessische Einzelmeisterschaft"]
[Date "2010.04.01"]
[Round "3"]
[White "Rausch, Wolfgang"]
[Black "Koculak, Eduard"]
[Result "1-0"]
[WhiteElo "1804"]
[BlackElo "1727"]
[PlyCount "85"]
[EventDate "2010.??.??"]

1. c4 c6 2. Nc3 d5 3. cxd5 cxd5 4. d4 Nf6 5. Nf3 e6 6. e3 a6 7. Bd3 Nbd7 8. O-O
Bd6 9. Re1 O-O 10. e4 dxe4 11. Nxe4 Nxe4 12. Bxe4 Nf6 13. Bc2 b5 14. Qd3 Bb7
15. Bg5 g6 16. Rad1 Be7 17. a4 b4 18. Ne5 Rc8 19. Bh6 Re8 20. Bb3 Bf8 21. Bg5
Be7 22. Qh3 Nd5 23. Bh6 Bg5 24. Nxf7 Kxf7 25. Bxg5 Qxg5 26. Qxh7+ Kf8 27. Qxb7
a5 28. Qa6 Kf7 29. Qd3 Kg7 30. Re5 Nf4 31. Rxg5 Nxd3 32. Rxd3 Rc1+ 33. Bd1 Kf6
34. Rxa5 Rec8 35. Rc5 R8xc5 36. dxc5 Rxc5 37. b3 Rc1 38. Kf1 e5 39. Ke2 Rc5 40.
Kd2 Kf5 41. Rd6 g5 42. Bc2+ e4 43. Rb6 1-0

[Event "C-Turnier"]
[Site "Hessische Einzelmeisterschaft"]
[Date "2010.04.01"]
[Round "3"]
[White "Wachtel, Johann"]
[Black "Larem, Peter"]
[Result "0-1"]
[WhiteElo "1738"]
[BlackElo "1921"]
[PlyCount "98"]
[EventDate "2010.??.??"]

1. e4 e5 2. Bc4 d6 3. f4 exf4 4. Nf3 Nf6 5. d3 Nc6 6. Bxf4 Be7 7. c3 Na5 8.
Nbd2 Nxc4 9. Nxc4 Bg4 10. O-O O-O 11. h3 Bh5 12. Ne3 Re8 13. Nf5 Bf8 14. Bg5 h6
15. Bh4 g5 16. Bg3 d5 17. e5 Nd7 18. d4 c5 19. Qd2 Bg6 20. Nh2 Bxf5 21. Rxf5
Re6 22. Raf1 f6 23. Ng4 Bg7 24. exf6 Nxf6 25. Nxf6+ Rxf6 26. dxc5 Rxf5 27. Rxf5
d4 28. c4 Qe7 29. Bd6 Qe6 30. Qd3 Re8 31. Rf1 Qe2 32. Qf3 Qe3+ 33. Kh2 Qxf3 34.
Rxf3 Re2 35. Rb3 Re3 36. Rxb7 d3 37. c6 d2 38. c7 Re8 39. Rb8 d1=Q 40. Rxe8+
Kh7 41. c5 Bd4 42. Re7+ Kg6 43. Re6+ Kf7 44. Re7+ Kf6 45. Re6+ Kf7 46. c8=Q
Qg1+ 47. Kg3 Qf2+ 48. Kg4 Qxg2+ 49. Kf5 Qf3+ 0-1

[Event "C-Turnier"]
[Site "Hessische Einzelmeisterschaft"]
[Date "2010.04.01"]
[Round "3"]
[White "Mersinger, Ralf"]
[Black "Fröhlich-Dill, Astrid"]
[Result "0-1"]
[WhiteElo "1728"]
[BlackElo "1910"]
[PlyCount "100"]
[EventDate "2010.??.??"]

1. d4 Nf6 2. Nf3 e6 3. Bg5 d5 4. e3 Be7 5. a3 O-O 6. c4 c5 7. dxc5 Bxc5 8. Nc3
Be7 9. Be2 b6 10. cxd5 Nxd5 11. Nxd5 Bxg5 12. Nxg5 exd5 13. Nf3 Bb7 14. Nd4 Nd7
15. b4 Ne5 16. O-O Qe7 17. Rc1 Rac8 18. Qa4 a6 19. Bxa6 Ra8 20. b5 Nc4 21. Rc3
Qd7 22. Qb4 Bxa6 23. bxa6 Rxa6 24. Nb5 Rfa8 25. Rd1 Ra5 26. Qxc4 Rxb5 27. Qd4
Qe6 28. g3 f6 29. Rdc1 Qe4 30. Qxe4 dxe4 31. Rc8+ Rxc8 32. Rxc8+ Kf7 33. Rb8 h5
34. a4 Rb4 35. a5 bxa5 36. Ra8 a4 37. Ra5 g5 38. h4 Kg6 39. hxg5 fxg5 40. Kg2
g4 41. Kh2 Kf6 42. Kg2 Ke6 43. Rxh5 a3 44. Ra5 Rb3 45. Kf1 Kd6 46. Ke1 Kc6 47.
Kf1 Kb6 48. Ra8 Kb5 49. Kg2 Kb4 50. f4 exf3+ 0-1